Đại cương về phương pháp giảng dạy sinh vật học
Zapisane w:
| 1. autor: | |
|---|---|
| Format: | Książka |
| Język: | Undetermined |
| Wydane: |
Hà Nội
Giáo dục
1971
|
| Hasła przedmiotowe: | |
| Etykiety: |
Dodaj etykietę
Nie ma etykietki, Dołącz pierwszą etykiete!
|
| Thư viện lưu trữ: | Trung tâm Học liệu Trường Đại học Cần Thơ |
|---|
| LEADER | 00570nam a2200181Ia 4500 | ||
|---|---|---|---|
| 001 | CTU_6185 | ||
| 008 | 210402s9999 xx 000 0 und d | ||
| 082 | |a 372.857 | ||
| 082 | |b V584/T.1 | ||
| 100 | |a Verzilin, N.M. | ||
| 245 | 0 | |a Đại cương về phương pháp giảng dạy sinh vật học | |
| 245 | 0 | |c N M Verzilin, V M Corsunskaja | |
| 260 | |a Hà Nội | ||
| 260 | |b Giáo dục | ||
| 260 | |c 1971 | ||
| 650 | |a Biology (Secondary) | ||
| 904 | |i Nguyễn Quang Điền, Trong Hieu | ||
| 980 | |a Trung tâm Học liệu Trường Đại học Cần Thơ | ||